Statistiken für Die Top 16 aller PDC Dartsspieler 2003

Klicken Sie hier um das Quiz zu spielen!

Allgemein

  • Dieses Quiz wurde 14 mal gespielt
  • Das Durchschnittsergebnis liegt bei 8 aus 16

Antwortstatistiken

WeltranglistenplatzLandDartsspieler% Korrekt
1EnglandPhil Taylor
100%
2KanadaJohn Part
78%
6EnglandAlan Warriner-Little
56%
5EnglandColin Lloyd
56%
16EnglandDennis Priestley
56%
7EnglandDennis Smith
56%
12EnglandKevin Painter
56%
4EnglandPeter Manley
56%
3NiederlandeRoland Scholten
56%
8EnglandRonnie Baxter
56%
10WalesRichie Burnett
44%
11EnglandAndy Jenkins
33%
15SchottlandJamie Harvey
33%
14EnglandSteve Beaton
33%
13EnglandDave Askew
22%
9EnglandDenis Ovens
22%

Verteilung der Resultate

Perzentil nach korrekt beantworteten Fragen

Anzahl Personen mit jedem Resultat

Ihre Resultats-Entwicklung

Sie haben dieses Quiz noch nicht gespielt